000 01069nas a2200349 4500
001 BR0403392
003 BR-BrBNA
005 20231205104645.0
007 ta
008 230509b bl.|||p| |||| 00| 00por d
040 _aBR-BrBNA
_bpor
_cBiblioteca Nacional de Agricultura
041 _a(En)
072 _aF02; F04
100 1 _aQuaggio, J.A.
100 1 _aMattos Júnior, D.
100 1 _aCantarella, H.
100 1 _aStuchi, E.S.
100 1 _aSempionato, O.R.
245 1 _aSweet orange trees grafted on selected rootstocks fertilized with nitrogen, phosphorus and potassium
650 _aLARANJA DOCE
650 _aPORTA ENXERTO
650 _aFERTILIZANTE FOSFATADO
650 _aFERTILIZANTE NITROGENADO
650 _aFERTILIZANTE POTÁSSICO
650 _aCRESCIMENTO
650 _aESTATURA DE PLANTA
650 _aPRODUTIVIDADE
650 _aRIZOMA
773 0 _tPesquisa Agropecuária Brasileira (Brazil)
_xISSN 0100-204X
_g(Jan 2004), v. 39(1) p. 55-60
_wBR0403392
909 _a202311
_bLúcia
_c55
_dLúcia Elande
942 _2AGRIS
_n0
_cANA
999 _c179149
_d179149